<?xml version="1.0" encoding="UTF-8"?>
<record
    xmlns:xsi="http://www.w3.org/2001/XMLSchema-instance"
    xsi:schemaLocation="http://www.loc.gov/MARC21/slim http://www.loc.gov/standards/marcxml/schema/MARC21slim.xsd"
    xmlns="http://www.loc.gov/MARC21/slim">

  <leader>01584nam a22001937a 4500</leader>
  <controlfield tag="008">140820b        xxu||||| |||| 00| 0 eng d</controlfield>
  <datafield tag="020" ind1=" " ind2=" ">
    <subfield code="a">9781599412184</subfield>
  </datafield>
  <datafield tag="050" ind1=" " ind2=" ">
    <subfield code="a">KF240.J3</subfield>
  </datafield>
  <datafield tag="100" ind1=" " ind2=" ">
    <subfield code="a">Barkan, Steven M.</subfield>
  </datafield>
  <datafield tag="245" ind1=" " ind2=" ">
    <subfield code="a">Fundamentals of legal research. /</subfield>
    <subfield code="c">Steven M. Barkan.</subfield>
  </datafield>
  <datafield tag="250" ind1=" " ind2=" ">
    <subfield code="a">9th ed.</subfield>
  </datafield>
  <datafield tag="260" ind1=" " ind2=" ">
    <subfield code="a">U.S.A:</subfield>
    <subfield code="b">Thomson Reuters,</subfield>
    <subfield code="c">2009.</subfield>
  </datafield>
  <datafield tag="300" ind1=" " ind2=" ">
    <subfield code="a">xlix, 810p.:</subfield>
    <subfield code="b">ill.;</subfield>
    <subfield code="c">25cm.</subfield>
  </datafield>
  <datafield tag="500" ind1=" " ind2=" ">
    <subfield code="a">Includes index and appendix.</subfield>
  </datafield>
  <datafield tag="505" ind1=" " ind2=" ">
    <subfield code="a">Contents: An Introduction to legal research -- The Legal research process -- Communicating research results through writing -- Court reports -- Federal court reports -- State court reports and the national reporter system -- Digests for court reports -- Constitutional law and the supreme court of the United States -- Federal Legislation -- Federal legislative histories -- State and municipal legislation -- Court rules and procedures -- Administrative -- Looseleaf services -- Citators -- Legal encyclopedias -- American Law Reports (A.L.R) -- Legal periodicals and indexes -- Treatises, restatements, Uniform laws, and model acts -- Practice materials and other resources -- International law -- Legal research in the United Kingdom -- Electronic legal research -- Legal citation form -- Federal tax research -- Appendices: A: Table of legal abbreviations -- B: State guides to legal research -- C: Legal research in territories of he United States -- D: State reports -- E: Coverage of the national reporter system -- F: A Fundamental lawering skill.</subfield>
  </datafield>
  <datafield tag="700" ind1=" " ind2=" ">
    <subfield code="a">Mersky, Roy M.</subfield>
  </datafield>
  <datafield tag="700" ind1=" " ind2=" ">
    <subfield code="a">Dunn, Donald J.</subfield>
  </datafield>
  <datafield tag="942" ind1=" " ind2=" ">
    <subfield code="2">lcc</subfield>
    <subfield code="c">BK</subfield>
  </datafield>
  <datafield tag="999" ind1=" " ind2=" ">
    <subfield code="c">3562</subfield>
    <subfield code="d">11062</subfield>
  </datafield>
  <datafield tag="952" ind1=" " ind2=" ">
    <subfield code="0">0</subfield>
    <subfield code="1">0</subfield>
    <subfield code="2">lcc</subfield>
    <subfield code="4">0</subfield>
    <subfield code="7">0</subfield>
    <subfield code="a">WIUC-1</subfield>
    <subfield code="b">WIUC-1</subfield>
    <subfield code="c">LL</subfield>
    <subfield code="d">2014-08-20</subfield>
    <subfield code="l">0</subfield>
    <subfield code="o">KF240.J3</subfield>
    <subfield code="p">0166/13</subfield>
    <subfield code="r">2014-08-20 00:00:00</subfield>
    <subfield code="t">1</subfield>
    <subfield code="w">2014-08-20</subfield>
    <subfield code="y">BK</subfield>
  </datafield>
</record>
